Statistiques concernant Quiz sur le Mexique

Cliquez ici pour prendre le quiz!

Statistiques générales

  • Ce quiz a été pris 4 569 fois
  • Le résultat moyen est 15 sur 25

Statistiques - réponses

QuestionRéponse% Correct
Métropoles les plus peupléesMexico
99%
Pays frontaliersÉtats-Unis
98%
Devise monétairePeso
89%
Pays frontaliersGuatemala
86%
Civilisation précolombienne connue
pour ses pyramides et ses calendriers
Maya
84%
Sport le plus populaireFootball
83%
Spécialité culinaire mexicaine
principalement faite à base d'avocats
Guacamole
81%
Pays frontaliersBelize
80%
Civilisation conquise par Hernán CortésAztèque
68%
Boisson alcoolisée extraite de l'agaveTequila
65%
Fête célébrée du 31 octobre au 2 novembreJour des Morts
64%
Animal nationalAigle Royal
60%
Race canine nommée d'après un état mexicainChihuahua
56%
Péninsule où se situe CancúnYucatan
52%
Métropoles les plus peupléesGuadalajara
48%
Trois noms de familles les plus courants
(nommez-en un)
Hernández |
Garcia | Martinez
45%
Année lors de laquelle le Mexique a
organisé les Jeux Olympiques d'Été
1968
44%
Plus long fleuveRío Bravo
39%
Ville importante située près de San DiegoTijuana
39%
Terme désignant le catch mexicain{Lucha} Libre
34%
Métropoles les plus peupléesMonterrey
33%
Musique traditionnelle à
cordes, chant et trompettes
Mariachi
32%
Principal produit exportéPétrole
32%
Ville de la côte Pacifique où l'on peut
trouver les falaises de La Quebrada
Acapulco
26%
Homme le plus riche du MexiqueCarlos Slim
15%

Distribution des résultats

Percentile par nombre de réponses

% des personnes avec chaque résultat

Votre développement - résultats

Vous n’avez pas pris ce quiz